La Negra Lazo : memorias de una pasión política /

Αποθηκεύτηκε σε:
Λεπτομέρειες βιβλιογραφικής εγγραφής
Κύριος συγγραφέας: Lazo, Carmen (autor)
Άλλοι συγγραφείς: Cea, Eliana (autor) (autor)
Μορφή: Βιβλίο
Γλώσσα:Ισπανικά
Έκδοση: Santiago, Chile : Planeta, 2005, c2005
Θέματα:
Ετικέτες: Προσθήκη ετικέτας
Δεν υπάρχουν, Καταχωρήστε ετικέτα πρώτοι!

MARC

LEADER 00000nam^a2200000^a^4500
001 000185737
005 20250521000000.0
009 20260310102201.968
020 |a 956-247-383-X 
037 |a Acervo ITESO - Biblioteca 
041 |a ESP 
082 |a 320. 092  |b LAZ 
100 |a Lazo, Carmen  |e (autor) 
245 1 3 |a La Negra Lazo :  |b memorias de una pasión política /  |c C. Lazo, E. Cea. 
264 4 |a Santiago, Chile :  |b Planeta,  |c 2005, c2005 
300 |a 266 p. 
336 |a texto  |b txt  |2 rdacontenido 
337 |a sin mediación  |b n  |2 rdamedio 
338 |a volumen  |b nc  |2 rdasoporte 
649 |a XX 
650 |a Políticos Chilenos -  |x Memorias 
650 |a Mujeres Chilenas -  |x Memorias 
650 |a Memorias Chilenas 
650 |a Partido Socialista -  |z Chile 
650 |a Socialismo -  |z Chile 
650 |a Participación Política -  |z Chile 
650 |a Política -  |z Chile -  |x Historia -  |y Siglo XX 
650 |a Chile -  |x Historia -  |y Siglo XX 
650 |a Chile -  |x Condiciones Políticas 
650 |a Lazo, Carmen 
700 |a Cea, Eliana  |e (autor) 
910 |a Fondo General 
920 |a Impresos - Libros 
930 |a Colección General 
905 |a 101 
901 |a 0500127119  |b IT1  |c ACC  |u 20250521 
902 |a https://opac.biblio.iteso.mx/vufind/Record/000185737